<?xml version="1.0" encoding="UTF-8"?>
<record
    xmlns:xsi="http://www.w3.org/2001/XMLSchema-instance"
    xsi:schemaLocation="http://www.loc.gov/MARC21/slim http://www.loc.gov/standards/marcxml/schema/MARC21slim.xsd"
    xmlns="http://www.loc.gov/MARC21/slim">

  <leader>01632Cam#a2200325#a#4500</leader>
  <controlfield tag="003">AR-BeUNQ</controlfield>
  <controlfield tag="005">20220224182257.0</controlfield>
  <controlfield tag="008">151022s2014||||cl a   ##||||#000|pdspa#d</controlfield>
  <datafield tag="020" ind1=" " ind2=" ">
    <subfield code="a">9789876022859</subfield>
  </datafield>
  <datafield tag="040" ind1=" " ind2=" ">
    <subfield code="a">AR-BeUNQ</subfield>
    <subfield code="b">spa</subfield>
  </datafield>
  <datafield tag="044" ind1=" " ind2=" ">
    <subfield code="a">ag</subfield>
  </datafield>
  <datafield tag="082" ind1="0" ind2="4">
    <subfield code="a">Ch 861</subfield>
    <subfield code="2">21</subfield>
  </datafield>
  <datafield tag="100" ind1="1" ind2=" ">
    <subfield code="a">Huidobro, Vicente., </subfield>
    <subfield code="d">1893-1948.</subfield>
  </datafield>
  <datafield tag="245" ind1="0" ind2="2">
    <subfield code="a">Vicente Huidobro : </subfield>
    <subfield code="b">poemas ilustrados</subfield>
    <subfield code="c">Ilustraciones de Alberto Montt ; selecci&#xF3;n de Crist&#xF3;bal Joannon.</subfield>
  </datafield>
  <datafield tag="250" ind1=" " ind2=" ">
    <subfield code="a">1a. ed.</subfield>
  </datafield>
  <datafield tag="260" ind1=" " ind2=" ">
    <subfield code="a">Santiago : C&#xF3;rdoba : </subfield>
    <subfield code="b">Amanuta.</subfield>
    <subfield code="b">Comunicarte, </subfield>
    <subfield code="c">c2014.</subfield>
  </datafield>
  <datafield tag="300" ind1=" " ind2=" ">
    <subfield code="a">59 p. : </subfield>
    <subfield code="b">il. ; </subfield>
    <subfield code="c">23 cm.</subfield>
  </datafield>
  <datafield tag="490" ind1="1" ind2=" ">
    <subfield code="a">Colecci&#xF3;n Juan Gelman ; </subfield>
  </datafield>
  <datafield tag="500" ind1=" " ind2=" ">
    <subfield code="a">Edici&#xF3;n especial para el Ministerio de Educaci&#xF3;n.</subfield>
  </datafield>
  <datafield tag="505" ind1="0" ind2=" ">
    <subfield code="a">Horizonte -- Vagaba por las calles de una ciudad helada -- Expr&#xE9;s -- &#xC9;ramos los elegidos del sol -- Te amo mujer de mi gran viaje -- Ma&#xF1;ana -- Monumento al mar -- Ad&#xE1;n va a las monta&#xF1;as -- El hombre alegre -- Llueve -- Torre Eiffel -- Canci&#xF3;n de Marcelo Cielomar -- Pesos y medidas -- Poema para hacer crecer los &#xE1;rboles -- Canci&#xF3;n del huevo y del infinito -- En vida -- Sea como sea -- Ilusiones perdidas --- Quieres coger los arroyos -- Alguien iba a nacer -- Biograf&#xED;a de Vicente Huidobro</subfield>
  </datafield>
  <datafield tag="650" ind1=" " ind2="7">
    <subfield code="a">Literatura (arte)</subfield>
    <subfield code="2">spines</subfield>
  </datafield>
  <datafield tag="650" ind1=" " ind2="7">
    <subfield code="a">Literatura latinoamericana</subfield>
    <subfield code="2">tell</subfield>
  </datafield>
  <datafield tag="650" ind1=" " ind2="7">
    <subfield code="a">Poes&#xED;a</subfield>
    <subfield code="2">tell</subfield>
  </datafield>
  <datafield tag="651" ind1=" " ind2="7">
    <subfield code="a">Chile</subfield>
    <subfield code="2">spines</subfield>
  </datafield>
  <datafield tag="700" ind1="1" ind2=" ">
    <subfield code="a">Montt, Alberto, </subfield>
    <subfield code="e">ilustrador</subfield>
    <subfield code="4">ill</subfield>
  </datafield>
  <datafield tag="700" ind1="1" ind2=" ">
    <subfield code="a">Joannon, Crist&#xF3;bal, </subfield>
    <subfield code="e">selecci&#xF3;n</subfield>
    <subfield code="4">oth</subfield>
  </datafield>
  <datafield tag="830" ind1=" " ind2="0">
    <subfield code="a">Colecci&#xF3;n Juan Gelman. ; </subfield>
    <subfield code="v">53</subfield>
  </datafield>
  <datafield tag="929" ind1=" " ind2=" ">
    <subfield code="a">DONACION</subfield>
    <subfield code="b">Ministerio de Educaci&#xF3;n</subfield>
    <subfield code="d">140,00E</subfield>
    <subfield code="e">20151006</subfield>
    <subfield code="f">PAT0059827</subfield>
    <subfield code="g">2912 Exp. 827-0387/98</subfield>
    <subfield code="j">53840</subfield>
  </datafield>
  <datafield tag="942" ind1=" " ind2=" ">
    <subfield code="c">LIB</subfield>
    <subfield code="n">0</subfield>
  </datafield>
  <datafield tag="999" ind1=" " ind2=" ">
    <subfield code="c">71</subfield>
    <subfield code="d">71</subfield>
  </datafield>
  <datafield tag="952" ind1=" " ind2=" ">
    <subfield code="0">0</subfield>
    <subfield code="1">0</subfield>
    <subfield code="a">BIBESET</subfield>
    <subfield code="b">BIBESET</subfield>
    <subfield code="c">circulacion</subfield>
    <subfield code="d">2016-06-02</subfield>
    <subfield code="l">0</subfield>
    <subfield code="o">861 21</subfield>
    <subfield code="p">53840</subfield>
    <subfield code="r">2016-06-02</subfield>
    <subfield code="t">1</subfield>
    <subfield code="w">2022-02-24</subfield>
    <subfield code="y">LIB</subfield>
    <subfield code="k">CMG</subfield>
  </datafield>
</record>
